Penggunaan kata kerja madi dan mudari' dalam al-Quran al-Karim : satu analisis semantik dalam surah al-Imran /
Saved in:
| Main Author: | |
|---|---|
| Format: | Thesis Book |
| Language: | Malay |
| Published: |
2004.
|
| Subjects: | |
| Online Access: | http://studentsrepo.um.edu.my/id/eprint/1060 |
| Tags: |
Add Tag
No Tags, Be the first to tag this record!
|
| LEADER | 01229cam a2200289 a 4500 | ||
|---|---|---|---|
| 001 | u708109 | ||
| 003 | SIRSI | ||
| 008 | 050621s2004 my t 000 0 may m | ||
| 040 | |a UMB |d UMM | ||
| 043 | |a a-my--- | ||
| 090 | |a PB12 |b UM 2004 Huzwmi | ||
| 093 | |a PB12 |b UM 2004 Huzwmi | ||
| 100 | 0 | 0 | |a Huzaimah Wasoh |
| 245 | 1 | 0 | |a Penggunaan kata kerja madi dan mudari' dalam al-Quran al-Karim : |b satu analisis semantik dalam surah al-Imran / |c Huzaimah bt. Wasoh @ Mohamad Isa. |
| 260 | |c 2004. | ||
| 300 | |a x, 60 leaves : |b ill. ; |c 30 cm. | ||
| 502 | |a Dissertation (M.M.L.S.) -- Fakulti Bahasa dan Linguistik, Universiti Malaya, 2005. | ||
| 504 | |a Bibliography: leaves 59-60. | ||
| 630 | 0 | 0 | |a al-Qur'an. |p Surat al-Imran. |
| 650 | 0 | |a Arabic language |x Tense. | |
| 650 | 0 | |a Arabic language |x Verb. | |
| 650 | 0 | |a Arabic language |x Usage. | |
| 710 | 2 | 0 | |a Universiti Malaya. |b Fakulti Bahasa dan Linguistik. |
| 856 | 4 | 1 | |u http://studentsrepo.um.edu.my/id/eprint/1060 |
| 596 | |a 1 6 | ||
| 999 | |a PB12 UM 2004 HUZWMI |w LC |c 1 |i A511750215 |d 24/10/2011 |e 24/10/2011 |f 5/9/2005 |g 1 |l STACKS |m P06BAHASA |n 1 |r Y |s Y |t TESIS |u 5/9/2005 | ||
| 999 | |a PB12 UM 2004 HUZWMI |w LC |c 1 |i A511934231 |d 4/5/2014 |e 4/5/2014 |f 10/7/2006 |g 1 |l STACKS |m P01UTAMA |n 13 |r Y |s Y |t TESIS |u 10/7/2006 | ||
